000
00306 a2200145 4500
001
154820
040
_c
Escola São Tomás de Aquino
240
1
0
_a
Araribá Ciências
_l
por
245
1
0
_a
Araribá Ciências
300
_a
248
362
0
_a
2010
440
1
_a
Moderna
697
_a
CIÊNCIAS
942
_c
BK
999
_c
154820
_d
154820